Nationalism : (Record no. 16318)
[ view plain ]
| 000 -LEADER | |
|---|---|
| fixed length control field | 00908cam a2200313 a 4500 |
| 001 - CONTROL NUMBER | |
| control field | 7524411 |
| 005 - DATE AND TIME OF LATEST TRANSACTION | |
| control field | 20170105102937.0 |
| 008 - FIXED-LENGTH DATA ELEMENTS--GENERAL INFORMATION | |
| fixed length control field | 030530s2009 stk b 001 0 eng |
| 020 ## - INTERNATIONAL STANDARD BOOK NUMBER | |
| International Standard Book Number | 074861558X |
| 020 ## - INTERNATIONAL STANDARD BOOK NUMBER | |
| International Standard Book Number | 9780748615582 |
| 020 ## - INTERNATIONAL STANDARD BOOK NUMBER | |
| International Standard Book Number | 0748617922 (pbk.) : |
| Terms of availability | £14.99 |
| 020 ## - INTERNATIONAL STANDARD BOOK NUMBER | |
| International Standard Book Number | 9780748617920 (pbk.) |
| 024 ## - OTHER STANDARD IDENTIFIER | |
| Standard number or code | 40017403595 |
| 035 ## - SYSTEM CONTROL NUMBER | |
| System control number | (OCoLC)320798453 |
| 035 ## - SYSTEM CONTROL NUMBER | |
| System control number | (OCoLC)ocn320798453 |
| 035 ## - SYSTEM CONTROL NUMBER | |
| System control number | (NNC)7524411 |
| 040 ## - CATALOGING SOURCE | |
| Original cataloging agency | UKM |
| Transcribing agency | UKM |
| Modifying agency | OCLCQ |
| -- | BWKUK |
| 050 #4 - LIBRARY OF CONGRESS CALL NUMBER | |
| Classification number | JC311 |
| Item number | .H342 2009 |
| 082 04 - DEWEY DECIMAL CLASSIFICATION NUMBER | |
| Classification number | 320.54 |
| Edition number | 21 |
| Author Mark | HAR 2009 |
| 100 1# - MAIN ENTRY--PERSONAL NAME | |
| Personal name | Harris, Erika. |
| 245 10 - TITLE STATEMENT | |
| Title | Nationalism : |
| Remainder of title | theories and cases / |
| Statement of responsibility, etc. | Erika Harris. |
| 260 ## - PUBLICATION, DISTRIBUTION, ETC. | |
| Place of publication, distribution, etc. | Edinburgh : |
| Name of publisher, distributor, etc. | Edinburgh University Press, |
| Date of publication, distribution, etc. | c2009. |
| 300 ## - PHYSICAL DESCRIPTION | |
| Extent | ix, 214 p. ; |
| Dimensions | 24 cm. |
| 504 ## - BIBLIOGRAPHY, ETC. NOTE | |
| Bibliography, etc. note | Includes bibliographical references and index. |
| 650 #0 - SUBJECT ADDED ENTRY--TOPICAL TERM | |
| Topical term or geographic name entry element | Nationalism. |
| 942 ## - ADDED ENTRY ELEMENTS (KOHA) | |
| Source of classification or shelving scheme | |
| Koha item type | Book |
| 948 1# - LOCAL PROCESSING INFORMATION (OCLC); SERIES PART DESIGNATOR (RLIN) | |
| Series part designator, SPT (RLIN) | 20100119 |
| b (OCLC) | c |
| c (OCLC) | as2107 |
| d (OCLC) | MPS |
| Withdrawn status | Lost status | Damaged status | Not for loan | Collection code | Permanent Location | Current Location | Shelving location | Date acquired | Total Checkouts | Full call number | Barcode | Date last seen | Date last checked out | Price effective from | Koha item type |
|---|---|---|---|---|---|---|---|---|---|---|---|---|---|---|---|
| Centre for International Peace & Stability (CIPS) | Centre for International Peace & Stability (CIPS) | General Stacks | 03/22/2016 | 1 | 320.54 HAR 2009 | CIPS0002716 | 02/27/2025 | 02/06/2025 | 03/22/2016 | Book |
